[Event "Kiev Spring op"]
[Site "Kiev"]
[Date "2023.03.29"]
[Round "7"]
[White "Petrynskyi, Yaroslav"]
[Black "Zamekhovskiy, Yevgen"]
[Result "0-1"]
[WhiteElo "1609"]
[BlackElo "2095"]
[PlyCount "100"]
[EventDate "2023.03.25"]
[EventType "swiss"]
[EventRounds "9"]
[EventCountry "UKR"]
[SourceTitle "EXT 2024"]
[Source "ChessBase"]
[SourceDate "2023.10.10"]
[SourceVersion "1"]
[SourceVersionDate "2023.10.10"]
[SourceQuality "1"]

1. d4 Nf6 2. c4 g6 3. Nc3 Bg7 4. e4 d6 5. h3 0-0 6. Be3 c6 7. Qd2 a6 8. Bd3 Nbd7 9. Nge2 e5 10. d5 cxd5 11. cxd5 b5 12. f3 Nb6 13. g4 Nc4 14. Bxc4 bxc4 15. Ng3 Nd7 16. h4 Qa5 17. Nd1 Qxd2+ 18. Kxd2 a5 19. b3 Ba6 20. Nb2 Rab8 21. Nxc4 Bxc4 22. bxc4 Rb2+ 23. Kd3 Rfb8 24. Rhc1 Bf6 25. g5 Bd8 26. Rc2 R2b4 27. h5 Nc5+ 28. Bxc5 dxc5 29. Rg1 Rb1 30. Rxb1 Rxb1 31. hxg6 fxg6 32. Ne2 Bxg5 33. Nc3 Rf1 34. Ke2 Rh1 35. Kd3 Rh3 36. Rf2 Kf7 37. Nb5 h5 38. Nd6+ Ke7 39. Nb7 Bh4 40. Rf1 g5 41. Kc2 Rh2+ 42. Kb3 Rf2 43. d6+ Kd7 44. Rd1 Rxf3+ 45. Ka4 Bf2 46. Kb5 g4 47. Nxc5+ Bxc5 48. Kxc5 g3 49. Kb6 g2 50. c5 Rc3 0-1

[Event "Kiev Spring op"]
[Site "Kiev"]
[Date "2023.03.27"]
[Round "4"]
[White "Zamekhovskiy, Yevgen"]
[Black "Shevchenko, Yaroslav"]
[Result "0-1"]
[WhiteElo "2095"]
[BlackElo "1781"]
[PlyCount "94"]
[EventDate "2023.03.25"]
[EventType "swiss"]
[EventRounds "9"]
[EventCountry "UKR"]
[SourceTitle "EXT 2024"]
[Source "ChessBase"]
[SourceDate "2023.10.10"]
[SourceVersion "1"]
[SourceVersionDate "2023.10.10"]
[SourceQuality "1"]

1. d4 d5 2. c4 e6 3. Nf3 c6 4. g3 Nd7 5. Bg2 dxc4 6. a4 a5 7. 0-0 Ngf6 8. Qc2 b5 9. Rd1 Qb6 10. b3 cxb3 11. Qxb3 b4 12. Nbd2 Bb7 13. Nc4 Qa6 14. Bf4 Nd5 15. e4 Nxf4 16. gxf4 Be7 17. Rac1 Rc8 18. Nce5 Nxe5 19. fxe5 0-0 20. Bf1 Qa8 21. Bc4 Kh8 22. Rd3 Rcd8 23. Rcd1 Rd7 24. Ne1 Rfd8 25. Nc2 Qa7 26. f4 c5 27. d5 exd5 28. exd5 Bxd5 29. Ne3 Bxc4 30. Nxc4 Rd4 31. Rxd4 cxd4 32. Qd3 Qd7 33. f5 Qxa4 34. Rf1 Qb5 35. f6 gxf6 36. Rf5 Rg8+ 37. Kf1 Rg5 38. Rf3 b3 39. Rh3 h5 40. Qe2 Rf5+ 41. Kg1 Rxe5 42. Qd2 Rg5+ 43. Kf2 Qxc4 44. Qe1 Qc2+ 45. Kf3 Qf5+ 46. Ke2 Rg2+ 47. Kd1 Qc2# 0-1

[Event "EU-ch Blitz"]
[Site "Katowice"]
[Date "2022.12.16"]
[Round "16"]
[White "Hesse, Henrik"]
[Black "Zamekhovskiy, Yevgen"]
[Result "0-1"]
[WhiteElo "2160"]
[BlackElo "2095"]
[PlyCount "120"]
[EventDate "2022.12.16"]
[EventType "swiss (blitz)"]
[EventRounds "22"]
[EventCountry "POL"]
[SourceTitle "CBM 211 Extra"]
[Source "ChessBase"]
[SourceDate "2023.01.31"]
[SourceVersion "1"]
[SourceVersionDate "2023.01.31"]
[SourceQuality "1"]

1. c4 Nf6 2. g3 g6 3. Bg2 Bg7 4. Nc3 0-0 5. e3 d6 6. Nge2 e5 7. d3 c6 8. 0-0 d5 9. cxd5 cxd5 10. Rb1 Be6 11. b3 Nc6 12. d4 exd4 13. Nxd4 Bg4 14. Nxc6 bxc6 15. Qe1 Bf5 16. Ra1 Bd3 17. Bb2 Bxf1 18. Qxf1 Re8 19. Rc1 Rc8 20. Qa6 Qb6 21. Qd3 Ne4 22. Na4 Qd8 23. Bxg7 Kxg7 24. Qd4+ Qf6 25. Qxa7 Qxf2+ 26. Kh1 Qd2 27. Rf1 Nf2+ 28. Kg1 Rxe3 29. Rxf2 Qe1+ 30. Rf1 Re7 31. Rxe1 Rxa7 32. Rc1 Rcc7 33. Rc2 Kf6 34. Nc5 Ke5 35. Kf2 Kd4 36. b4 Ra3 37. Nb3+ Ke5 38. Na5 c5 39. Re2+ Kd6 40. bxc5+ Kxc5 41. Nb3+ Kd6 42. Rd2 Rca7 43. Rxd5+ Ke7 44. Nc1 Rc3 45. Re5+ Kf6 46. Re1 Rac7 47. Ne2 Rc2 48. a4 Ra7 49. Ra1 Ra5 50. Ke3 Re5+ 51. Kd3 Rcxe2 52. Bf3 R2e3+ 53. Kd4 Rxf3 54. a5 Re8 55. a6 Ra8 56. a7 Rf2 57. Ra6+ Kg7 58. Ke5 Rd2 59. h4 Rd7 60. g4 Raxa7 0-1

[Event "EU-ch Blitz"]
[Site "Katowice"]
[Date "2022.12.16"]
[Round "17"]
[White "Zamekhovskiy, Yevgen"]
[Black "Bochnicka, Vladimir1111"]
[Result "1-0"]
[WhiteElo "2095"]
[BlackElo "2367"]
[PlyCount "63"]
[EventDate "2022.12.16"]
[EventType "swiss (blitz)"]
[EventRounds "22"]
[EventCountry "POL"]
[SourceTitle "CBM 211 Extra"]
[Source "ChessBase"]
[SourceDate "2023.01.31"]
[SourceVersion "1"]
[SourceVersionDate "2023.01.31"]
[SourceQuality "1"]

1. d4 Nf6 2. c4 g6 3. Nf3 Bg7 4. g3 0-0 5. Bg2 d6 6. 0-0 Nc6 7. Nc3 Bf5 8. Ne1 e5 9. d5 Na5 10. e4 Bd7 11. b3 b6 12. Nd3 Ne8 13. Bb2 f5 14. f4 exf4 15. Nxf4 Qg5 16. Qe2 Bd4+ 17. Kh1 Ng7 18. Rad1 Be5 19. Nb5 Bxb5 20. cxb5 fxe4 21. Ne6 Nxe6 22. dxe6 Rxf1+ 23. Rxf1 Re8 24. Bc1 Qe7 25. Bxe4 Qxe6 26. Qf3 Kh8 27. Bd5 Qe7 28. Bh6 Bd4 29. b4 c6 30. bxc6 Nxc6 31. Bxc6 Qe5 32. Qf8+ 1-0

[Event "EU-ch Blitz"]
[Site "Katowice"]
[Date "2022.12.16"]
[Round "20"]
[White "Zamekhovskiy, Yevgen"]
[Black "Pein, Jonathan"]
[Result "1-0"]
[WhiteElo "2095"]
[BlackElo "2252"]
[PlyCount "65"]
[EventDate "2022.12.16"]
[EventType "swiss (blitz)"]
[EventRounds "22"]
[EventCountry "POL"]
[SourceTitle "CBM 211 Extra"]
[Source "ChessBase"]
[SourceDate "2023.01.31"]
[SourceVersion "1"]
[SourceVersionDate "2023.01.31"]
[SourceQuality "1"]

1. d4 Nf6 2. Nf3 g6 3. g3 Bg7 4. Bg2 0-0 5. 0-0 d6 6. a4 a5 7. Nc3 Nc6 8. e4 e5 9. d5 Ne7 10. Ne1 Nd7 11. Nd3 b6 12. f4 f5 13. fxe5 Nxe5 14. Nf4 fxe4 15. Nxe4 Bg4 16. Qe1 Re8 17. h3 Bd7 18. Kh2 Nf7 19. Ne6 Bxe6 20. dxe6 Ne5 21. Nf6+ Bxf6 22. Rxf6 c6 23. Bg5 Rf8 24. Qd2 Rxf6 25. Bxf6 Qf8 26. Rf1 Nf5 27. Bxe5 dxe5 28. g4 Qd6 29. Qxd6 Nxd6 30. Rd1 Rd8 31. e7 Re8 32. Rxd6 Rxe7 33. Be4 1-0

[Event "EU-ch U16 30th"]
[Site "Antalya"]
[Date "2022.11.14"]
[Round "9"]
[White "Zamekhovskiy, Yevgen"]
[Black "Suleymanli, Suleyman"]
[Result "1/2-1/2"]
[WhiteElo "2010"]
[BlackElo "2260"]
[PlyCount "46"]
[EventDate "2022.11.06"]
[EventType "swiss"]
[EventRounds "9"]
[EventCountry "TUR"]
[SourceTitle "EXT 2024"]
[Source "ChessBase"]
[SourceDate "2023.10.10"]
[SourceVersion "1"]
[SourceVersionDate "2023.10.10"]
[SourceQuality "1"]

1. d4 d5 2. c4 e6 3. Nf3 Nf6 4. g3 dxc4 5. Qa4+ Nbd7 6. Bg2 a6 7. Qxc4 b5 8. Qc6 Rb8 9. Qc2 Bb7 10. 0-0 c5 11. dxc5 Bxc5 12. a3 Rc8 13. Nc3 0-0 14. e4 Ba7 15. Qe2 Qc7 16. Bf4 e5 17. Be3 Bxe3 18. Qxe3 Nb6 19. Nxe5 Rfe8 20. f4 Nc4 21. Nxc4 Qxc4 22. Rac1 Ng4 23. Qa7 Ba8 1/2-1/2

[Event "EU-ch U16 30th"]
[Site "Antalya"]
[Date "2022.11.12"]
[Round "7"]
[White "Zamekhovskiy, Yevgen"]
[Black "Gasanov, Vadim"]
[Result "1-0"]
[WhiteElo "2010"]
[BlackElo "2157"]
[PlyCount "50"]
[EventDate "2022.11.06"]
[EventType "swiss"]
[EventRounds "9"]
[EventCountry "TUR"]
[SourceTitle "EXT 2024"]
[Source "ChessBase"]
[SourceDate "2023.10.10"]
[SourceVersion "1"]
[SourceVersionDate "2023.10.10"]
[SourceQuality "1"]

1. d4 Nf6 2. Nf3 c5 3. d5 e6 4. c4 exd5 5. cxd5 d6 6. Nc3 g6 7. g3 Bg7 8. Bg2 0-0 9. 0-0 Re8 10. Bf4 Na6 11. Re1 Nc7 12. e4 Bg4 13. h3 Bxf3 14. Bxf3 Qd7 15. e5 dxe5 16. Bxe5 Rad8 17. Qb3 Na6 18. Kg2 Nb4 19. Rad1 Qf5 20. g4 Qg5 21. Bxf6 Qxf6 22. Rxe8+ Rxe8 23. a3 Na6 24. d6 c4 25. Qxc4 Rb8 1-0

[Event "EU-ch U16 30th"]
[Site "Antalya"]
[Date "2022.11.07"]
[Round "2"]
[White "Tarhan, Adar"]
[Black "Zamekhovskiy, Yevgen"]
[Result "1-0"]
[WhiteElo "2312"]
[BlackElo "2010"]
[PlyCount "56"]
[EventDate "2022.11.06"]
[EventType "swiss"]
[EventRounds "9"]
[EventCountry "TUR"]
[SourceTitle "EXT 2024"]
[Source "ChessBase"]
[SourceDate "2023.10.10"]
[SourceVersion "1"]
[SourceVersionDate "2023.10.10"]
[SourceQuality "1"]

1. e4 c6 2. d4 d5 3. e5 Bf5 4. Nf3 e6 5. Be2 c5 6. Be3 Nd7 7. 0-0 Ne7 8. c4 cxd4 9. Nxd4 Bxb1 10. Rxb1 Nxe5 11. Bf4 N5c6 12. Nb5 e5 13. cxd5 exf4 14. d6 Nf5 15. Nc7+ Kd7 16. Bg4 g6 17. Nxa8 Bxd6 18. Qb3 Ne5 19. Rfe1 Re8 20. Bxf5+ gxf5 21. Rbd1 Kc8 22. Qc3+ Kb8 23. Rxe5 Rg8 24. Red5 Qg5 25. Qf3 Kxa8 26. Rxd6 h5 27. Rd7 Rb8 28. Rxf7 Qg4 1-0

[Event "Krakow op-B"]
[Site "Krakow"]
[Date "2022.06.26"]
[Round "3"]
[White "Szczurek, Krzysztof"]
[Black "Zamekhovskiy, Yevgen"]
[Result "1/2-1/2"]
[WhiteElo "2151"]
[BlackElo "1926"]
[PlyCount "41"]
[EventDate "2022.06.25"]
[EventType "swiss"]
[EventRounds "9"]
[EventCountry "POL"]
[SourceTitle "EXT 2023"]
[Source "ChessBase"]
[SourceDate "2022.10.05"]
[SourceVersion "1"]
[SourceVersionDate "2022.10.05"]
[SourceQuality "1"]

1. Nf3 Nf6 2. g3 g6 3. Bg2 Bg7 4. c4 d6 5. 0-0 0-0 6. Nc3 e5 7. b4 e4 8. Nd4 Nc6 9. Nxc6 bxc6 10. d4 Be6 11. Nxe4 Nxe4 12. Bxe4 Bxc4 13. Be3 Rb8 14. Bxc6 Rxb4 15. Bf3 d5 16. Qc2 Qd7 17. Rfb1 Rfb8 18. Rxb4 Rxb4 19. Rb1 Qb5 20. Rxb4 Qxb4 21. a4 1/2-1/2

[Event "Krakow op-B"]
[Site "Krakow"]
[Date "2022.06.26"]
[Round "2"]
[White "Zamekhovskiy, Yevgen"]
[Black "Zarebska, Lena"]
[Result "1-0"]
[WhiteElo "1926"]
[BlackElo "1829"]
[PlyCount "87"]
[EventDate "2022.06.25"]
[EventType "swiss"]
[EventRounds "9"]
[EventCountry "POL"]
[SourceTitle "EXT 2023"]
[Source "ChessBase"]
[SourceDate "2022.10.05"]
[SourceVersion "1"]
[SourceVersionDate "2022.10.05"]
[SourceQuality "1"]

1. d4 Nf6 2. Nf3 c5 3. d5 b5 4. c4 g6 5. Qc2 Bg7 6. e4 bxc4 7. Bxc4 d6 8. Nc3 0-0 9. 0-0 Bg4 10. Nd2 Qa5 11. h3 Bc8 12. Be2 Ba6 13. Nc4 Qb4 14. a3 Qb7 15. Bg5 h6 16. Bh4 Re8 17. Rab1 Qc7 18. Qa4 g5 19. Bg3 Bxc4 20. Bxc4 a6 21. Qd1 Nbd7 22. Qe2 Reb8 23. Bxa6 Nh5 24. Qxh5 Rxa6 25. f4 Nf6 26. Qe2 Qb7 27. fxg5 hxg5 28. e5 dxe5 29. Bxe5 Re8 30. Rbd1 Nd7 31. Bxg7 Kxg7 32. d6 Rb6 33. Qh5 Ne5 34. Qxg5+ Ng6 35. h4 exd6 36. Qf6+ Kg8 37. h5 Rxb2 38. Rf3 Re6 39. Qd8+ Kg7 40. Rg3 Re3 41. Qg5 Rxg3 42. Qxg3 Rb3 43. hxg6 fxg6 44. Rxd6 1-0

[Event "Kiev Shystariov Rapid"]
[Site "Kiev"]
[Date "2021.08.28"]
[Round "1"]
[White "Malakhatko, Vadim"]
[Black "Zamekhovskiy, Yevgen"]
[Result "1-0"]
[WhiteElo "2442"]
[BlackElo "1926"]
[PlyCount "63"]
[EventDate "2021.08.28"]
[EventType "swiss (rapid)"]
[EventRounds "9"]
[EventCountry "UKR"]
[SourceTitle "CBM 204 Extra"]
[Source "ChessBase"]
[SourceDate "2021.11.30"]
[SourceVersion "1"]
[SourceVersionDate "2021.11.30"]
[SourceQuality "1"]

1. Nf3 Nf6 2. c4 g6 3. Nc3 Bg7 4. e4 d6 5. d4 0-0 6. Be2 Nc6 7. 0-0 e5 8. d5 Ne7 9. b4 a5 10. bxa5 c5 11. a4 Ne8 12. Ra3 f5 13. Ng5 Nc7 14. exf5 gxf5 15. f4 e4 16. Kh1 h6 17. Nh3 Kh8 18. Bd2 Ne8 19. Nb5 Nf6 20. Rg3 Ra6 21. Bc3 Qd7 22. Qa1 Neg8 23. Nf2 Qe7 24. Nd1 h5 25. Rg5 Qf7 26. Ne3 Nh6 27. Qe1 Bd7 28. Qh4 Rg8 29. Bxh5 Qf8 30. Bg6 Be8 31. Bxe8 Qxe8 32. Bxf6 1-0

[Event "Kiev op U16"]
[Site "Kiev"]
[Date "2021.07.21"]
[Round "10"]
[White "Biletskiy, Danylo"]
[Black "Zamekhovskiy, Yevgen"]
[Result "1-0"]
[WhiteElo "2125"]
[BlackElo "1937"]
[PlyCount "67"]
[EventDate "2021.07.20"]
[EventType "swiss"]
[EventRounds "11"]
[EventCountry "UKR"]
[SourceTitle "EXT 2022"]
[Source "ChessBase"]
[SourceDate "2021.10.06"]
[SourceVersion "1"]
[SourceVersionDate "2021.10.06"]
[SourceQuality "1"]

1. Nf3 Nf6 2. g3 e6 3. Bg2 b6 4. 0-0 Bb7 5. c4 d5 6. d4 Be7 7. Nc3 0-0 8. cxd5 exd5 9. Bf4 Na6 10. Ne5 c5 11. dxc5 Nxc5 12. Rc1 Rc8 13. Nb5 a6 14. Na7 Rc7 15. b4 Ba8 16. bxc5 Rxa7 17. cxb6 Rb7 18. Nc6 Qxb6 19. Be3 Qb2 20. Nxe7+ Rxe7 21. Bc5 Ree8 22. Qc2 Qe5 23. Bxf8 Kxf8 24. e3 h5 25. Qc7 Qg5 26. Qf4 Qg6 27. Rc7 Kg8 28. Rfc1 Kh7 29. Bh3 Ng4 30. Bxg4 hxg4 31. Qxf7 Qh6 32. Qxe8 d4 33. Qxa8 dxe3 34. Qe4+ 1-0

[Event "Kiev op U16"]
[Site "Kiev"]
[Date "2021.07.20"]
[Round "4"]
[White "Khristovoy, Dmitriy"]
[Black "Zamekhovskiy, Yevgen"]
[Result "1/2-1/2"]
[WhiteElo "2024"]
[BlackElo "1937"]
[PlyCount "41"]
[EventDate "2021.07.20"]
[EventType "swiss"]
[EventRounds "11"]
[EventCountry "UKR"]
[SourceTitle "EXT 2022"]
[Source "ChessBase"]
[SourceDate "2021.10.06"]
[SourceVersion "1"]
[SourceVersionDate "2021.10.06"]
[SourceQuality "1"]

1. e4 d5 2. exd5 Nf6 3. Bb5+ Nbd7 4. Nc3 g6 5. Nf3 Bg7 6. 0-0 0-0 7. d4 a6 8. Be2 b5 9. Ne5 Bb7 10. Nc6 Bxc6 11. dxc6 Nb6 12. a3 Qd6 13. Bf3 Nbd5 14. Nxd5 Nxd5 15. Re1 e6 16. c3 Qxc6 17. Qe2 Rad8 18. Bg5 Rd7 19. Rad1 Qd6 20. Bh4 Qb6 21. h3 1/2-1/2

[Event "Kiev Spring op"]
[Site "Kiev"]
[Date "2021.07.15"]
[Round "7"]
[White "Zamekhovskiy, Yevgen"]
[Black "Lymar, Vladislav"]
[Result "0-1"]
[WhiteElo "1937"]
[BlackElo "2120"]
[PlyCount "78"]
[EventDate "2021.07.10"]
[EventType "swiss"]
[EventRounds "9"]
[EventCountry "UKR"]
[SourceTitle "EXT 2024"]
[Source "ChessBase"]
[SourceDate "2023.10.10"]
[SourceVersion "1"]
[SourceVersionDate "2023.10.10"]
[SourceQuality "1"]

1. d4 d5 2. Nf3 e6 3. c4 c5 4. cxd5 exd5 5. Nc3 Nc6 6. g3 Nf6 7. Bg2 Be7 8. 0-0 0-0 9. Bg5 c4 10. Ne5 Be6 11. f4 Ng4 12. Bxe7 Nxe7 13. Nxg4 Bxg4 14. h3 Be6 15. Qd2 Rb8 16. e4 dxe4 17. Nxe4 b6 18. Rad1 Bd5 19. Nc3 Bxg2 20. Qxg2 Nf5 21. Qf2 Re8 22. Rfe1 Rxe1+ 23. Qxe1 Qd7 24. Qf2 b5 25. g4 Nd6 26. b4 a5 27. a3 axb4 28. axb4 Qa7 29. Qa2 Qxa2 30. Nxa2 Ra8 31. Nc3 Ra3 32. Nd5 Rxh3 33. Ra1 h6 34. Ra8+ Kh7 35. Rd8 Ne4 36. Rd7 c3 37. Rc7 Rd3 38. f5 Rxd4 39. Ne7 Rc4 0-1

[Event "Kiev Spring op"]
[Site "Kiev"]
[Date "2021.07.11"]
[Round "2"]
[White "Zamekhovskiy, Yevgen"]
[Black "Samunenkov, Igor"]
[Result "0-1"]
[WhiteElo "1937"]
[BlackElo "2301"]
[PlyCount "106"]
[EventDate "2021.07.10"]
[EventType "swiss"]
[EventRounds "9"]
[EventCountry "UKR"]
[SourceTitle "EXT 2024"]
[Source "ChessBase"]
[SourceDate "2023.10.10"]
[SourceVersion "1"]
[SourceVersionDate "2023.10.10"]
[SourceQuality "1"]

1. d4 d5 2. Nf3 Nf6 3. c4 e6 4. g3 Be7 5. Bg2 0-0 6. 0-0 dxc4 7. Na3 Bxa3 8. bxa3 Nc6 9. Bb2 Nd5 10. Qc2 b5 11. e4 Nb6 12. Rad1 Ne7 13. Ba1 c6 14. h4 Qc7 15. h5 h6 16. Bc3 a5 17. Bd2 f6 18. Bf4 Qd8 19. Qd2 Kh7 20. Nh4 Bd7 21. g4 Be8 22. Bf3 Qd7 23. Be3 Ra6 24. Qc2 Kg8 25. Qc1 Nec8 26. Be2 Qe7 27. Ng2 Nd6 28. f3 Nd7 29. Qd2 Ra8 30. e5 Nc8 31. f4 Ncb6 32. Rf3 Nd5 33. Rg3 fxe5 34. dxe5 Nc5 35. Qc2 Nxe3 36. Rxe3 Rd8 37. Rg3 Rxd1+ 38. Qxd1 Qd7 39. Qe1 Qd4+ 40. Kh2 Ne4 41. Re3 Nd2 42. Bd3 c3 43. Bc2 Rxf4 44. Nxf4 Qxe3 45. Qxe3 Nf1+ 46. Kg1 Nxe3 47. Be4 Nxg4 48. Nxe6 Nxe5 49. Kf2 Bxh5 50. Ke3 Bf7 51. Nd8 Bd5 52. Bb1 c5 53. Ke2 Kf8 0-1

[Event "Elitzur Int Online"]
[Site "Chess.com INT"]
[Date "2020.11.01"]
[Round "9"]
[White "Zamekhovskiy, Yevgen"]
[Black "Tashkinova, Sofiia"]
[Result "1/2-1/2"]
[WhiteElo "1937"]
[BlackElo "1725"]
[PlyCount "82"]
[EventDate "2020.11.01"]
[EventType "swiss (blitz)"]
[EventRounds "11"]
[EventCountry "ISR"]
[SourceTitle "CBM 199 Extra"]
[Source "ChessBase"]
[SourceDate "2021.01.31"]
[SourceVersion "1"]
[SourceVersionDate "2021.01.31"]
[SourceQuality "1"]

1. d4 d5 2. Nf3 c6 3. c4 Nf6 4. e3 Bf5 5. Nc3 e6 6. Nh4 Bg6 7. Qb3 Qb6 8. Bd2 Ne4 9. Nxg6 hxg6 10. Nxe4 dxe4 11. Qc2 f5 12. f3 exf3 13. gxf3 Bb4 14. a3 Bxd2+ 15. Qxd2 Kf7 16. 0-0-0 Nd7 17. e4 Nf6 18. e5 Nd7 19. Rg1 Nxe5 20. c5 Qc7 21. dxe5 Qxe5 22. Rg2 Qxc5+ 23. Kb1 Rad8 24. Qxd8 Rxd8 25. Rxd8 Qe3 26. Be2 Ke7 27. Rd3 Qe5 28. Bd1 Kf6 29. Kc2 Qc5+ 30. Kd2 Qa5+ 31. b4 Qe5 32. Rc3 Qd4+ 33. Kc2 Qe5 34. Re2 Qf4 35. Kb3 Qd4 36. Bc2 Qd5+ 37. Kb2 Qd4 38. Kb3 Qd5+ 39. Kb2 Qd4 40. Ree3 Qf4 41. Re2 Qd4 1/2-1/2

[Event "Wroclaw Anderssen Memorial op"]
[Site "Wroclaw"]
[Date "2018.08.04"]
[Round "4"]
[White "Djuric, Stefan"]
[Black "Zamekhovskiy, Yevgen"]
[Result "1-0"]
[WhiteElo "2352"]
[BlackElo "1771"]
[PlyCount "75"]
[EventDate "2018.08.04"]
[EventType "swiss (rapid)"]
[EventRounds "13"]
[EventCountry "POL"]
[SourceTitle "CBM 185 Extra"]
[Source "ChessBase"]
[SourceDate "2018.07.29"]
[SourceVersion "1"]
[SourceVersionDate "2018.07.29"]
[SourceQuality "1"]

1. e4 c6 2. Nc3 g6 3. d4 Bg7 4. Nf3 d5 5. h3 dxe4 6. Nxe4 Nf6 7. Nxf6+ exf6 8. Be2 a5 9. 0-0 0-0 10. c4 Na6 11. Qb3 Nc7 12. Rd1 a4 13. Qc2 Re8 14. Be3 f5 15. Bf1 a3 16. b3 Ne6 17. d5 cxd5 18. cxd5 Nf8 19. Bd4 Bd7 20. Bxg7 Kxg7 21. Qc3+ Qf6 22. Qb4 Ra7 23. Rac1 Re4 24. Rd4 Rxd4 25. Nxd4 Qe5 26. Qb6 Ra8 27. Qxb7 Ra5 28. Nc6 Qb2 29. Rd1 Qc2 30. Rd3 Rc5 31. Ne5 Qb1 32. Nxd7 Rc1 33. Ne5 Rxf1+ 34. Kh2 Rh1+ 35. Kg3 f4+ 36. Kf3 Kf6 37. Qxf7+ Kxe5 38. Qxf4# 1-0

[Event "Wroclaw Anderssen Memorial op"]
[Site "Wroclaw"]
[Date "2018.08.04"]
[Round "2"]
[White "Sabuk, Piotr"]
[Black "Zamekhovskiy, Yevgen"]
[Result "0-1"]
[WhiteElo "2377"]
[BlackElo "1771"]
[PlyCount "48"]
[EventDate "2018.08.04"]
[EventType "swiss (rapid)"]
[EventRounds "13"]
[EventCountry "POL"]
[SourceTitle "CBM 185 Extra"]
[Source "ChessBase"]
[SourceDate "2018.07.29"]
[SourceVersion "1"]
[SourceVersionDate "2018.07.29"]
[SourceQuality "1"]

1. d4 Nf6 2. c4 d6 3. Nf3 Nbd7 4. g3 e5 5. Bg2 Be7 6. 0-0 0-0 7. Nc3 c6 8. Qc2 Qc7 9. Rd1 a5 10. h3 Re8 11. e4 exd4 12. Nxd4 Nc5 13. Bf4 Be6 14. Nxe6 fxe6 15. h4 e5 16. Be3 Ne6 17. Bh3 Bf8 18. Qb3 Nc5 19. Qc2 Ne6 20. Na4 c5 21. Bxe6+ Rxe6 22. Nc3 Qf7 23. Nd5 Rc8 24. Bd2 Qg6 0-1

[Event "Wch U12 blitz"]
[Site "Minsk"]
[Date "2018.06.24"]
[Round "7"]
[White "Tyurin, Artem"]
[Black "Zamekhovskiy, Yevgen"]
[Result "1-0"]
[WhiteElo "1824"]
[BlackElo "1973"]
[PlyCount "107"]
[EventDate "2018.06.24"]
[EventType "swiss (blitz)"]
[EventRounds "9"]
[EventCountry "BLR"]
[SourceTitle "EXT 2019"]
[Source "ChessBase"]
[SourceDate "2018.10.10"]
[SourceVersion "1"]
[SourceVersionDate "2018.10.10"]
[SourceQuality "1"]

1. e4 c6 2. Nc3 g6 3. d4 Bg7 4. Nf3 d6 5. Bc4 Nd7 6. 0-0 Ngf6 7. Qe2 e5 8. Rd1 Qc7 9. dxe5 dxe5 10. h3 0-0 11. Be3 Nh5 12. a4 h6 13. a5 Ndf6 14. Qd2 Be6 15. Bxe6 fxe6 16. Qd6 Qxd6 17. Rxd6 Rfe8 18. Nxe5 Nxe4 19. Nxe4 Bxe5 20. Rd7 Bxb2 21. Rb1 Be5 22. Rbxb7 Reb8 23. a6 Nf6 24. Rg7+ Kh8 25. Nxf6 Bxf6 26. Rxg6 Be5 27. Rxe6 Bg7 28. Bxa7 Rd8 29. Ree7 Bf6 30. Rh7+ Kg8 31. Rxh6 Be5 32. Rg6+ Kh8 33. g3 Rd1+ 34. Kg2 Ra1 35. Rxc6 Kg8 36. Re7 Bg7 37. Rg6 Kf8 38. Rgxg7 Rxa6 39. Ref7+ Ke8 40. Rg8+ Kxf7 41. Rxa8 Rc6 42. Be3 Rxc2 43. h4 Kg6 44. Ra6+ Kg7 45. h5 Rc5 46. g4 Re5 47. Kg3 Re4 48. h6+ Kg8 49. Ra7 Kh8 50. h7 Rb4 51. Kh4 Rb5 52. g5 Rb4+ 53. Kh5 Rb1 54. g6 1-0

[Event "Wch U12 rapid"]
[Site "Minsk"]
[Date "2018.06.23"]
[Round "9"]
[White "Khaledi, Omid"]
[Black "Zamekhovskiy, Yevgen"]
[Result "1-0"]
[WhiteElo "1812"]
[BlackElo "1979"]
[PlyCount "81"]
[EventDate "2018.06.22"]
[EventType "swiss (rapid)"]
[EventRounds "9"]
[EventCountry "BLR"]
[SourceTitle "EXT 2019"]
[Source "ChessBase"]
[SourceDate "2018.10.10"]
[SourceVersion "1"]
[SourceVersionDate "2018.10.10"]
[SourceQuality "1"]

1. e4 d6 2. d4 Nf6 3. Nc3 e5 4. dxe5 dxe5 5. Qxd8+ Kxd8 6. Nf3 Bd6 7. Bc4 Be6 8. Bxe6 fxe6 9. Bg5 a6 10. 0-0-0 Nbd7 11. Nd2 b5 12. a4 Rb8 13. Nb3 b4 14. Ne2 h6 15. Bxf6+ Nxf6 16. f3 Ke7 17. Na5 Kf7 18. g4 h5 19. g5 Nh7 20. h4 Kg6 21. Rhf1 Rhe8 22. Nc4 Rbd8 23. f4 exf4 24. Nxd6 Rxd6 25. Nxf4+ Kf7 26. Rxd6 cxd6 27. g6+ Kg8 28. gxh7+ Kxh7 29. Nxh5 e5 30. Ng3 Rc8 31. Nf5 Rc6 32. Rd1 b3 33. c3 Rc4 34. Nxd6 Rxa4 35. Kd2 Kg6 36. Rg1+ Kf6 37. Kd3 Ke6 38. Nc4 Kf6 39. h5 a5 40. Rg6+ Kf7 41. Nxe5+ 1-0

[Event "Wch U12 rapid"]
[Site "Minsk"]
[Date "2018.06.22"]
[Round "2"]
[White "Zamekhovskiy, Yevgen"]
[Black "Nguyen, Duc Dung"]
[Result "0-1"]
[WhiteElo "1979"]
[BlackElo "1609"]
[PlyCount "160"]
[EventDate "2018.06.22"]
[EventType "swiss (rapid)"]
[EventRounds "9"]
[EventCountry "BLR"]
[SourceTitle "EXT 2019"]
[Source "ChessBase"]
[SourceDate "2018.10.10"]
[SourceVersion "1"]
[SourceVersionDate "2018.10.10"]
[SourceQuality "1"]

1. d4 Nf6 2. c4 e6 3. Nf3 b6 4. g3 Bb7 5. Bg2 Be7 6. 0-0 0-0 7. Nc3 Ne4 8. Qc2 Nxc3 9. Qxc3 d6 10. b3 f5 11. Ne1 Bxg2 12. Nxg2 Bf6 13. Bb2 c5 14. Qf3 Nd7 15. Rad1 Qc7 16. Nf4 Rae8 17. Ba1 Qb8 18. Qc6 Rf7 19. dxc5 Bxa1 20. Rxa1 Nxc5 21. Rad1 e5 22. Nd3 e4 23. Nf4 Rf6 24. b4 Ne6 25. Nd5 Rh6 26. Qxd6 Qxd6 27. Nf6+ Rxf6 28. Rxd6 Nc7 29. Rd7 Rf7 30. Rfd1 Rxd7 31. Rxd7 Rc8 32. f3 exf3 33. exf3 a5 34. bxa5 bxa5 35. Kf2 Ne6 36. Ra7 Rc5 37. Ke3 h6 38. f4 Kh7 39. Ra6 Nc7 40. Ra7 Rxc4 41. Rxa5 Kg6 42. Kd3 Rc6 43. Kd4 Ra6 44. Re5 Rxa2 45. h4 Ra4+ 46. Ke3 Kf6 47. Rc5 Ne6 48. Rc6 Ra3+ 49. Kf2 Ra4 50. Ke3 Re4+ 51. Kf3 Kf7 52. Ra6 Nd4+ 53. Kf2 Re2+ 54. Kf1 Rh2 55. Rd6 Nc2 56. Kg1 Re2 57. Kf1 Re6 58. Rd2 Ne3+ 59. Kf2 Ng4+ 60. Kg2 Kf6 61. Rd7 Re2+ 62. Kg1 Ne3 63. Rd6+ Ke7 64. Rg6 Kf7 65. h5 Ng4 66. Ra6 Re6 67. Ra7+ Kf6 68. Ra5 g6 69. hxg6 Kxg6 70. Ra8 Nf6 71. Kg2 Re2+ 72. Kf3 Rb2 73. Ra6 Kg7 74. Ra7+ Kf8 75. Ra6 Ng4 76. Ra8+ Ke7 77. Ra7+ Kd8 78. Ra8+ Kc7 79. Ra2 Nh2+ 80. Ke3 Rxa2 0-1